| 000 | 00479nam a2200157 a 4500 | ||
|---|---|---|---|
| 001 | 000031517 | ||
| 005 | 20200930063003.0 | ||
| 008 | 110627s1957 dr 000 0 spa d | ||
| 040 |
_aDO-SdBNP _bspa _cBNPHU |
||
| 082 |
_axxx _bR789 |
||
| 100 | 1 |
_aRosario Pérez, Angel S. del _957892 |
|
| 245 | 1 | 4 |
_aLas exterminación añorada / _cAngel S. del Rosario Pérez. |
| 260 |
_a[Cuidad Trujillo, República Dominicana] : _b[s.n.], _c1957. |
||
| 300 |
_a402 p. ; _c24 cm. |
||
| 049 | _aBNPD | ||
| 999 |
_c31009 _d31009 |
||